Mysticism, spirituality, and secularism : (Record no. 143032)

MARC details
000 -LEADER
fixed length control field 00676nam a22001817a 4500
005 - DATE AND TIME OF LATEST TRANSACTION
control field 20170802103147.0
010 ## - LCCN (DPL NO)
LC control number ENG-119503
020 ## - INTERNATIONAL STANDARD BOOK NUMBER
Terms of availability 350.00
International Standard Book Number 9788184654882
035 ## - SYSTEM CONTROL NUMBER
System control number EN-103035
037 ## - SOURCE OF ACQUISITION
Source of stock number/acquisition DBAD/PUB
082 ## - DEWEY DECIMAL CLASSIFICATION NUMBER
Classification number 280.64
245 ## - TITLE STATEMENT
Title Mysticism, spirituality, and secularism :
Statement of responsibility, etc edited by Vaghese Manimala /
Remainder of title an indepth search for meaning and authenticity in a pluralistic world /
260 ## - PUBLICATION, DISTRIBUTION, ETC. (IMPRINT)
Place of publication, distribution, etc Delhi
Name of publisher, distributor, etc The Indian Society for Promoting Christian Knowlewdge(ISPCK))
Date of publication, distribution, etc 2015
270 ## - ADDRESS
Address 1585,1654 Madarsa Road Kashmere Gate
City Delhi
Postal code 110006
300 ## - PHYSICAL DESCRIPTION
Extent xv,288p.
Dimensions 24cm(pbk)
700 ## - ADDED ENTRY--PERSONAL NAME
Personal name Manimala ,Vaghese
942 ## - ADDED ENTRY ELEMENTS (KOHA)
Source of classification or shelving scheme Dewey Decimal Classification
Item type English Books
Call number suffix MYS
Classification part 280.64
Holdings
Withdrawn status Lost status Not for loan Collection code Home library Current library Date acquired Source of acquisition Cost, normal purchase price Full call number Barcode Copy number Cost, replacement price Koha item type
    Not For Loan Non-fiction D.B.Act.Division D.B.Act.Division 01/08/2017 DBAD/PUB 350.00 280.64 MYS EN-103035 1 350.00 English Books

© Delhi Public Library
Hit Counter
free hit counter